<?xml version="1.0" encoding="UTF-8"?>
<record
    xmlns:xsi="http://www.w3.org/2001/XMLSchema-instance"
    xsi:schemaLocation="http://www.loc.gov/MARC21/slim http://www.loc.gov/standards/marcxml/schema/MARC21slim.xsd"
    xmlns="http://www.loc.gov/MARC21/slim">

  <leader>03132nam a2200373 u 4500</leader>
  <controlfield tag="001">808950</controlfield>
  <controlfield tag="005">20260506095748.0</controlfield>
  <controlfield tag="008">030506s1986                        spa  </controlfield>
  <datafield tag="020" ind1=" " ind2=" ">
    <subfield code="a">9586120236</subfield>
  </datafield>
  <datafield tag="035" ind1=" " ind2=" ">
    <subfield code="a">808950</subfield>
  </datafield>
  <datafield tag="035" ind1=" " ind2=" ">
    <subfield code="a">(OCoLC)760375220</subfield>
  </datafield>
  <datafield tag="040" ind1=" " ind2=" ">
    <subfield code="c">comduadb</subfield>
  </datafield>
  <datafield tag="041" ind1=" " ind2=" ">
    <subfield code="a">spa</subfield>
  </datafield>
  <datafield tag="082" ind1=" " ind2="4">
    <subfield code="a">305</subfield>
  </datafield>
  <datafield tag="111" ind1="2" ind2="0">
    <subfield code="a">Seminario Internacional sobre la Participacion del Negro (1986 : Bogota),</subfield>
    <subfield code="4">aut</subfield>
    <subfield code="e">aut</subfield>
  </datafield>
  <datafield tag="245" ind1="1" ind2="3">
    <subfield code="a">La participacion del negro en la formacion de las sociedades latinoamericanas</subfield>
  </datafield>
  <datafield tag="260" ind1=" " ind2=" ">
    <subfield code="a">Bogot&#xE1; :</subfield>
    <subfield code="b">Colcultura (Instituto Colombiano de Cultura),</subfield>
    <subfield code="c">1986.</subfield>
  </datafield>
  <datafield tag="300" ind1=" " ind2=" ">
    <subfield code="a">226 p&#xE1;ginas :</subfield>
    <subfield code="b">ilustraciones</subfield>
  </datafield>
  <datafield tag="520" ind1="3" ind2=" ">
    <subfield code="a">El vector principal del escrito se dirige tras el encuentro de las formas est&#xE9;ticas concretas, simb&#xF3;licas - culturales, e identitarias que han efectuado la construcci&#xF3;n de unos territorios y unas territorialidades; as&#xED; como, paralelamente o de manera coexistente se han desarrollado o constituido sobre id&#xE9;ntico suelo y en la actualidad unas identidades negras particulares o locales.Tal texto no olvida la perspectiva hist&#xF3;rica en el poblamiento y construcci&#xF3;n de los territorios, las redes econ&#xF3;micas y de poder; las que permiten exponer las condiciones de posibilidad o existencia material, espec&#xED;ficamente territoriales o espaciales, as&#xED; como las industriales; que present&#xE1;ndose en su discurrir diacr&#xF3;nico tanto como sincr&#xF3;nico, han escrito el bajo Atrato a trav&#xE9;s de transcursos  geogr&#xE1;ficos  posibilitando la materializaci&#xF3;n y producci&#xF3;n de las mismas dimensiones culturales y funcionales sobre tales espacios deviniendo en: Los territorios, las territorialidades est&#xE9;ticas y las identidades m&#xFA;ltiples de los grupos negros de esta zona</subfield>
  </datafield>
  <datafield tag="520" ind1=" " ind2=" ">
    <subfield code="a">RESUMEN : Este libro se basa en las ponencias y trabajos presentados en el Seminario Internacional sobre "La participaci&#xF3;n del negro en la formaci&#xF3;n de las sociedades latinoamericanas" y resalta la importancia de los estudios afrolatinoamericanos en Am&#xE9;rica del Sur en general y en particular en Colombia. El libro quiere ser tambi&#xE9;n una llamada de alerta a Colombia, en una &#xE9;poca de crisis. Muchos est&#xE1;n convencidos de que lo que hoy se percibe como imperativo moral y humano, ma&#xF1;ana puede transformarse en urgencia pol&#xED;tica. El libro no pretende exigir responsabilidades, sino plantear algunos elementos de an&#xE1;lisis y reflexiones a partir de la Antropolog&#xED;a, la Historia y el desarrollo de la Econom&#xED;a y la Sociedad, entendidas en su sentido m&#xE1;s amplio.</subfield>
  </datafield>
  <datafield tag="650" ind1=" " ind2=" ">
    <subfield code="a">Negros - Am&#xE9;rica Latina - Congresos, conferencias, etc.</subfield>
    <subfield code="9">211548</subfield>
  </datafield>
  <datafield tag="650" ind1=" " ind2=" ">
    <subfield code="a">Negros - Condiciones sociales - Congresos, conferencias, etc.</subfield>
    <subfield code="9">176721</subfield>
  </datafield>
  <datafield tag="650" ind1=" " ind2="7">
    <subfield code="a">Problemas raciales</subfield>
    <subfield code="z">Am&#xE9;rica Latina</subfield>
    <subfield code="2">lemb</subfield>
    <subfield code="9">44032</subfield>
  </datafield>
  <datafield tag="650" ind1=" " ind2=" ">
    <subfield code="a">Apartheid</subfield>
    <subfield code="9">2136</subfield>
  </datafield>
  <datafield tag="650" ind1=" " ind2=" ">
    <subfield code="a">Afroamericanos</subfield>
    <subfield code="9">15144</subfield>
  </datafield>
  <datafield tag="650" ind1=" " ind2=" ">
    <subfield code="a">Afrocolombianos</subfield>
    <subfield code="9">175683</subfield>
  </datafield>
  <datafield tag="650" ind1=" " ind2="7">
    <subfield code="a">Personas negras</subfield>
    <subfield code="z">Colombia</subfield>
    <subfield code="2">embne</subfield>
    <subfield code="9">12392</subfield>
  </datafield>
  <datafield tag="650" ind1=" " ind2=" ">
    <subfield code="a">Etnias de Colombia</subfield>
    <subfield code="9">51111</subfield>
  </datafield>
  <datafield tag="650" ind1=" " ind2=" ">
    <subfield code="a">Negros - Choc&#xF3;</subfield>
    <subfield code="9">10515</subfield>
  </datafield>
  <datafield tag="650" ind1=" " ind2=" ">
    <subfield code="a">San Andr&#xE9;s y Providencia</subfield>
    <subfield code="9">19680</subfield>
  </datafield>
  <datafield tag="650" ind1=" " ind2="7">
    <subfield code="a">Racismo</subfield>
    <subfield code="2">lemb</subfield>
    <subfield code="9">64328</subfield>
  </datafield>
  <datafield tag="700" ind1="1" ind2="0">
    <subfield code="a">Cifuentes, Alexander</subfield>
    <subfield code="4">aut</subfield>
    <subfield code="e">aut</subfield>
    <subfield code="9">374875</subfield>
  </datafield>
  <datafield tag="942" ind1=" " ind2=" ">
    <subfield code="c">BOOK</subfield>
  </datafield>
  <datafield tag="999" ind1=" " ind2=" ">
    <subfield code="c">285849</subfield>
    <subfield code="d">285849</subfield>
  </datafield>
  <datafield tag="952" ind1=" " ind2=" ">
    <subfield code="0">0</subfield>
    <subfield code="1">0</subfield>
    <subfield code="4">0</subfield>
    <subfield code="7">0</subfield>
    <subfield code="8">GEN</subfield>
    <subfield code="a">BC</subfield>
    <subfield code="b">BC</subfield>
    <subfield code="d">2003-05-06</subfield>
    <subfield code="e">Material adquirido por donaci&#xF3;n</subfield>
    <subfield code="i">C777344</subfield>
    <subfield code="l">0</subfield>
    <subfield code="o">305.556 S471</subfield>
    <subfield code="p">61000004158524</subfield>
    <subfield code="r">2023-04-25 00:00:00</subfield>
    <subfield code="t">1</subfield>
    <subfield code="w">2023-04-25</subfield>
    <subfield code="y">BOOK</subfield>
  </datafield>
  <datafield tag="952" ind1=" " ind2=" ">
    <subfield code="0">0</subfield>
    <subfield code="1">0</subfield>
    <subfield code="4">0</subfield>
    <subfield code="7">0</subfield>
    <subfield code="8">GEN</subfield>
    <subfield code="a">BC</subfield>
    <subfield code="b">BC</subfield>
    <subfield code="d">2014-02-07</subfield>
    <subfield code="e">Material adquirido por donaci&#xF3;n</subfield>
    <subfield code="i">C1197055</subfield>
    <subfield code="l">1</subfield>
    <subfield code="o">305.556 S471 e2</subfield>
    <subfield code="p">0984728</subfield>
    <subfield code="r">2025-11-20 15:06:20</subfield>
    <subfield code="s">2025-08-25</subfield>
    <subfield code="t">1</subfield>
    <subfield code="w">2023-04-25</subfield>
    <subfield code="y">BOOK</subfield>
  </datafield>
</record>
